000 00274nam a22000977a 4500
082 _a823
_bROW/H
100 _aROWLING,J.K
245 _aHARRY POTTER& THE PRISONER OF AZKAHAM
246 _aHARRY POTTER& THE PRISONER OF AZKAHAM
_bHARRY POTTER& THE PRISONER OF AZKAHAM
942 _cBK
999 _c8059
_d8059